| 000 | 00452nam a22001217a 4500 | ||
|---|---|---|---|
| 999 |
_c9490 _d9490 |
||
| 003 | OSt | ||
| 008 | 201203b ||||| |||| 00| 0 eng d | ||
| 245 | _aThe IUP Journal Of Structural Engineering | ||
| 250 | _a2015(Jan Vol.8 No.1, Apr Vol.8 No.2, Jul Vol.8 No.3, Oct Vol.8 No.4) 2016(Jan Vol.9 No.1, Apr Vol.9 No.2, Jul Vol.9 No.3, Oct Vol.9 No.4) | ||
| 260 |
_aHyderabad, Andhra Pradesh _bIUP Publications |
||
| 650 | _aCivil Engineering | ||
| 942 |
_2ddc _cBV |
||